000 00195 a2200097 4500
020 _a9789584516695
041 _aspa
100 _aFerida Wolff
245 _aLa manta de las historias
942 _cBK
999 _c11440
_d11440